| 000 | 00351nam a2200133Ia 4500 | ||
|---|---|---|---|
| 008 | 240624s9999 xx 000 0 und d | ||
| 041 | _aeng | ||
| 082 | _a658.85 SCH | ||
| 100 | _aSCHIFFMAN STEPHAN | ||
| 245 | _aUPSELLING TECHNIQUES THAT REALLY WORK | ||
| 260 |
_c2006 _aNew Delhi _bViva Books |
||
| 300 | _ax, : 177 : p. : cm. ; 21 | ||
| 365 |
_cRS _b33 |
||
| 999 |
_c11341 _d11341 |
||